The Alhambra (Record no. 5624)

MARC details
000 -CABECERA
campo de control de longitud fija 00707nam a2200241 a 4500
001 - NÚMERO DE CONTROL
campo de control BRCA_5935
005 - FECHA Y HORA DE LA ÚLTIMA TRANSACCIÓN
campo de control 20190320205252.0
008 - DATOS DE LONGITUD FIJA--INFORMACIÓN GENERAL
campo de control de longitud fija 220311s1928----nyua######---#000-1#eng-#
041 ## - CÓDIGO DE LENGUA
Código de lengua del texto/banda sonora o título independiente eng
044 ## - CÓDIGO DEL PAÍS DE LA ENTIDAD EDITORA/PRODUCTORA
Código MARC del país nyu
050 #4 - SIGNATURA TOPOGRÁFICA DE LA BIBLIOTECA DEL CONGRESO
Número de clasificación DP402
Número de documento/Ítem .I78
-- 1928
100 1# - ENTRADA PRINCIPAL--NOMBRE DE PERSONA
Nombre de persona Irving, Washington.
Fechas asociadas al nombre 1783-1859
9 (RLIN) 14989
245 10 - MENCIÓN DE TÍTULO
Título The Alhambra
Mención de responsabilidad, etc. Washington Irving; ed. by Alfred M. Hitchcock.
260 ## - PUBLICACIÓN, DISTRIBUCIÓN, ETC.
Lugar de publicación, distribución, etc. New York
Nombre del editor, distribuidor, etc. Macmillan
Fecha de publicación, distribución, etc. 1928
300 ## - DESCRIPCIÓN FÍSICA
Extensión 426 p.
Otras características físicas il.
Dimensiones 15 cm.
500 ## - NOTA GENERAL
Nota general H166
650 14 - PUNTO DE ACCESO ADICIONAL DE MATERIA--TÉRMINO DE MATERIA
Término de materia o nombre geográfico como elemento de entrada Literatura estadounidense
9 (RLIN) 14990
651 #4 - PUNTO DE ACCESO ADICIONAL DE MATERIA--NOMBRE GEOGRÁFICO
Nombre geográfico Alhambra, España
Subdivisión de forma Novela.
9 (RLIN) 14991
651 #4 - PUNTO DE ACCESO ADICIONAL DE MATERIA--NOMBRE GEOGRÁFICO
Nombre geográfico España
Subdivisión de forma Descripción de viajes.
9 (RLIN) 14992
700 1# - PUNTO DE ACCESO ADICIONAL--NOMBRE DE PERSONA
Nombre de persona Alfred M. Hitchcock
Término indicativo de función/relación ed.
9 (RLIN) 14993
902 ## - CATALOGADOR
Iniciales GFM
942 ## - ELEMENTOS DE PUNTO DE ACCESO ADICIONAL (KOHA)
Fuente del sistema de clasificación o colocación Library of Congress Classification
Tipo de ítem Koha Libros
Holdings
Estado de retiro Estado de pérdida Estado dañado No para préstamo Localización permanente Ubicación/localización actual Fecha de adquisición Número de inventario Total de préstamos Signatura topográfica completa Código de barras Fecha visto por última vez Precio válido a partir de Tipo de ítem Koha
El ejemplar forma parte de la colección y puede ser consultado según las políticas vigentes.       Biblioteca del Museo Franz Mayer (Rogerio Casas-Alatriste) Biblioteca del Museo Franz Mayer (Rogerio Casas-Alatriste) 22/03/2011 H166   DP402 .I78 1928 (H166) 6374 22/03/2019 22/03/2019 Libros